000 01173nam2a2200277 4500
001 rc\2870471
005 20260315051626.0
035 _a(NLR Aleph) 007023861
090 _a13582305
_c13582305
100 _a20110714d1931 u y0rusy50 ca
101 0 _arus
102 _aRU
105 _aa z |||||
200 0 _aВып. 1
_fСоставили: Н.Н. Неуронов, М.Д. Осипцов, Н.Я. Сикачев и М.Я. Стомарева
210 _d1931
215 _a159 с., 1 с. объявл.
_cил.
461 0 _1001rc\2870470
_12000#$aЮные колхозники$eРабочая книга для 4-го года обуч.$f3-я опыт. станция НКП$vВып. 1
_95935390
_cМосква
_d1931
_f3-я опыт. станция НКП
_nОгиз
_oРабочая книга для 4-го года обуч.
_tЮные колхозники
_vВып. 1
702 1 _aНеуронов
_bН.Н.
_4220
702 1 _aОсипцов
_bМ.Д.
_4220
702 1 _aСикачев
_bН.Я.
_4220
702 1 _aСтомарева
_bМ.Я.
_4220
801 0 _aRU
_bNLR
_gpsbo
801 1 _aRU
_bELAR
_2rusmarc
852 _aNLR
_j31-18/302(1)
942 _cUNSPEC
980 _aNB